[Event "POL-chT DMP Ekstraliga 2019"]
[Site "Katowice"]
[Date "2019.09.01"]
[Round "5.26"]
[White "Bartel, Mateusz"]
[Black "Bluebaum, Matthias"]
[Result "1/2-1/2"]
[WhiteElo "2612"]
[BlackElo "2619"]
[Annotator "TA"]
[PlyCount "100"]
[EventDate "2019.08.28"]
[EventType "team-tourn"]
[EventCountry "POL"]
[SourceTitle "playchess.com"]
[Source "ChessBase"]
[SourceQuality "1"]

{[%evp 12,100,20,17,12,6,12,14,19,9,16,13,21,9,43,28,34,29,20,35,29,0,12,0,0,0,0,0,0,-19,46,37,35,36,35,36,45,39,52,0,43,35,45,-20,-23,-75,-83,-108,-112,-113,-118,-177,-179,-192,-189,-244,-181,-216,-201,-276,-227,-232,-219,-259,-221,-221,-175,-163,-50,-48,-45,-51,-49,-57,0,-8,0,0,0,0,0,0,0,0,0,0,0,0,0,0,0]} 1. d4 d5 2. c4 c6 3. Nf3 Nf6 4. e3 Bg4 5. Nc3 e6 6. h3 Bxf3 7. Qxf3 Bb4 {D11: Slav Defence: 3 Nf3 sidelines and 3...Nf6 4 e3 Bg4} 8. Bd2 (8. Bd3 O-O 9. O-O Nbd7 10. Qd1 Qe7 11. Qb3 Rab8 12. c5 Ba5 13. Qa4 Bc7 14. f4 a5 15. a3 {1-0 (65) Vidit,S (2718)-Shankland,S (2727) Danzhou 2018}) 8... Nbd7 9. Bd3 O-O 10. a3 Bxc3 11. Bxc3 Re8 12. cxd5 exd5 13. O-O Ne4 14. Be1 Qc7 $146 ({Predecessor:} 14... Qg5 15. Qg4 {1-0 (41) Gunina,V (2518)-Lei,T (2487) Moscow 2016}) 15. Rc1 Re6 16. Qf5 Ndf6 17. Qf4 (17. b3 {is more complex.} Rae8 18. Qf3 Nd6 19. Qe2 Qb6 20. Qc2) 17... Qxf4 18. exf4 Nh5 19. f5 Rf6 20. Rd1 Nf4 (20... g6 $11) 21. f3 $14 Nd6 $1 22. Bh4 Rxf5 23. Bxf5 Nxf5 24. Bf2 a5 25. a4 (25. Kh1 $14) 25... Ra6 26. Rfe1 {[%cal Re1e8]} Kf8 27. Be3 ({White should play} 27. Kh2 $14) 27... Ne6 $11 28. Bf2 (28. f4 $11 {remains equal.}) 28... Rb6 $17 {[%mdl 1024] Black has strong compensation.} 29. g4 {[#]} Nd6 $1 30. Bg3 Nc4 31. f4 (31. Rd3 $17 Rxb2 32. f4) 31... Rb3 $19 (31... Nxb2 32. Rb1 $11) 32. Bh2 Rxh3 ({Don't play} 32... Nxb2 33. Rb1 $17) 33. Re2 (33. Kg2 {keeps fighting.} Rb3 34. Kh1) 33... Rb3 34. Rde1 {f5 is the strong threat.} g6 (34... Rxb2 $2 35. Rxb2 Nxb2 36. f5 $18) 35. f5 gxf5 36. gxf5 Nxd4 {[%mdl 64] [#] Double Attack} 37. Re8+ Kg7 38. Rf1 Kf6 39. Bc7 Rf3 (39... h6 $19 40. Rf2 Nf3+ 41. Kg2 Ng5) 40. Rxf3 $15 Nxf3+ {[%mdl 4096] Endgame KRB-KNN} 41. Kf2 Nd4 42. Rb8 b5 (42... Nxb2 $15 43. Rxb7 Nxa4 44. Bd8+ Kg7) 43. Bxa5 {[%mdl 64] Remove Defender. The position is equal.} Nxa5 44. b4 $1 {[%cal Rb4a5]} Nc4 ({Much worse is} 44... bxa4 45. bxa5 a3 46. Rb4 $16) 45. a5 {[%cal Ba4a5,Ba5a6][%mdl 32] aiming for a6.} c5 $1 {[%cal Rc5b4]} ({Not} 45... Kxf5 $2 46. a6 $18) 46. a6 Nc6 {[%mdl 64] Double Attack} 47. bxc5 {Black must now prevent Rb6!} N4e5 48. Rxb5 Kxf5 49. Rb7 Ke4 50. a7 Nxa7 {Accuracy: White = 39%, Black = 60%.} 1/2-1/2

[Event "POL-chT DMP Ekstraliga 2019"]
[Site "Katowice"]
[Date "2019.09.01"]
[Round "5.27"]
[White "Kanarek, Marcel"]
[Black "Mastrovasilis, Dimitrios"]
[Result "1/2-1/2"]
[WhiteElo "2493"]
[BlackElo "2594"]
[Annotator "ChessBase"]
[PlyCount "61"]
[EventDate "2019.08.28"]
[EventType "team-tourn"]
[EventCountry "POL"]
[SourceTitle "playchess.com"]
[Source "ChessBase"]
[SourceQuality "1"]
[TimeControl "40/5400+30:1800+30"]

1. Nf3 {[%emt 0:00:00]} d5 {[%emt 0:00:00]} 2. g3 {[%emt 0:00:00]} c6 {[%emt 0:01:01]} 3. Bg2 {[%emt 0:00:00]} Bf5 {[%emt 0:00:11]} 4. O-O {[%emt 0:00:00]} e6 {[%emt 0:00:07]} 5. d3 {[%emt 0:00:42]} Nf6 {[%emt 0:01:24]} 6. c4 {[%emt 0:01:15]} dxc4 {[%emt 0:04:26]} 7. dxc4 {[%emt 0:01:57]} Qxd1 {[%emt 0:00:36]} 8. Rxd1 {[%emt 0:00:03]} Nbd7 {[%emt 0:02:00]} 9. Nc3 {[%emt 0:04:25]} e5 {[%emt 0:06:22]} 10. Ng5 {[%emt 0:05:01]} h6 {[%emt 0:18:51]} 11. Nge4 {[%emt 0:00:48]} Nxe4 {[%emt 0:00:43]} 12. Nxe4 {[%emt 0:00:16]} Nc5 {[%emt 0:01:08]} 13. Nd6+ {[%emt 0:08:32]} Bxd6 {[%emt 0:00:11]} 14. Rxd6 {[%emt 0:00:05]} Ke7 {[%emt 0:02:56]} 15. Rd2 {[%emt 0:21:36]} Rhd8 {[%emt 0:12:20]} 16. b3 {[%emt 0:00:57]} Ne4 {[%emt 0:20:43]} 17. Ba3+ {[%emt 0:01:35]} Kf6 {[%emt 0:01:31]} 18. Rd3 {[%emt 0:03:56]} Ng5 {[%emt 0:08:00]} 19. Rdd1 {[%emt 0:07:45]} Ne6 {[%emt 0:01:17]} 20. Bb2 {[%emt 0:06:40]} g5 {[%emt 0:00:16]} 21. Kf1 {[%emt 0:11:48]} Bc2 {[%emt 0:00:45]} 22. Rdc1 {[%emt 0:00:30]} Bf5 {[%emt 0:00:13]} 23. Rd1 {[%emt 0:01:20]} Bc2 {[%emt 0:00:23]} 24. Rdc1 {[%emt 0:01:58]} Bf5 {[%emt 0:00:08]} 25. b4 {[%emt 0:02:44]} Rd2 {[%emt 0:03:29]} 26. Bc3 {[%emt 0:00:47]} Rd7 {[%emt 0:00:03]} 27. b5 {[%emt 0:04:11]} cxb5 {[%emt 0:00:26]} 28. cxb5 {[%emt 0:00:06]} Rad8 {[%emt 0:00:07]} 29. a4 {[%emt 0:08:39]} Nd4 {[%emt 0:01:45]} 30. Bxd4 {[%emt 0:01:54]} exd4 {[%emt 0:00:02]} 31. Rc5 {[%emt 0:01:15] Ke5} 1/2-1/2

[Event "POL-chT DMP Ekstraliga 2019"]
[Site "Katowice"]
[Date "2019.09.01"]
[Round "5.28"]
[White "Tazbir, Marcin"]
[Black "Janik, Igor"]
[Result "1-0"]
[WhiteElo "2521"]
[BlackElo "2483"]
[Annotator "RC"]
[PlyCount "61"]
[EventDate "2019.08.28"]
[EventType "team-tourn"]
[EventCountry "POL"]
[SourceTitle "playchess.com"]
[Source "ChessBase"]
[SourceQuality "1"]
[TimeControl "40/5400+30:1800+30"]

1. c4 {[%emt 0:00:00]} c6 {[%emt 0:00:00]} 2. Nf3 {[%emt 0:00:20]} d5 {[%emt 0:00:00]} 3. Qc2 {[%emt 0:01:22]} Nf6 {[%emt 0:01:15]} 4. g3 {[%emt 0:01:03]} g6 {[%emt 0:00:48]} 5. Bg2 {[%emt 0:00:07]} Bg7 {[%emt 0:00:38]} 6. O-O {[%emt 0:00:06]} O-O {[%emt 0:01:19]} 7. d3 {[%emt 0:00:54]} Bg4 {[%emt 0:01:27]} 8. b3 {[%emt 0:04:48]} Bxf3 {[%emt 0:03:57]} 9. Bxf3 {[%emt 0:00:20]} e6 {[%emt 0:00:03]} 10. Bb2 {[%emt 0:00:31]} Nbd7 {[%emt 0:01:59]} 11. Bg2 {[%emt 0:02:01]} b5 {[%emt 0:00:54]} 12. Nd2 {[%emt 0:01:29]} Qb6 {[%emt 0:01:43]} 13. e3 Rab8 {[%emt 0:05:25]} 14. Rab1 {[%emt 0:12:27]} Qa6 {[%emt 0:04:28]} 15. a3 {[%emt 0:09:56]} Rfc8 {[%emt 0:07:35]} 16. Rfc1 {[%emt 0:02:02]} Ne8 {[%emt 0:04:24]} 17. b4 {[%emt 0:10:11]} Nd6 {[%emt 0:03:28]} 18. Bxg7 {[%emt 0:02:50]} Kxg7 {[%emt 0:00:02]} 19. Qb2+ {[%emt 0:00:29]} f6 {[%emt 0:00:19]} 20. c5 {[%emt 0:03:28]} Nf7 {[%emt 0:00:53]} 21. e4 {[%emt 0:00:23]} Nde5 {[%emt 0:02:54]} 22. Qb3 {[%emt 0:07:10]} Rd8 {[%emt 0:05:29]} 23. Re1 {[%emt 0:13:24]} dxe4 {[%emt 0:12:56]} 24. Nxe4 {[%emt 0:00:22]} Rd5 {[%emt 0:00:05]} 25. f4 {[%emt 0:06:02]} Ng4 {[%emt 0:04:58]} 26. h3 {[%emt 0:05:28]} Ngh6 {[%emt 0:00:13]} 27. Qc3 {[%emt 0:01:20]} Rf5 {[%emt 0:04:25]} 28. Nxf6 {[%emt 0:03:33]} Rxf6 {[%emt 0:00:23]} 29. Rxe6 {[%emt 0:00:06]} Ng8 {[%emt 0:01:16]} 30. Rxc6 {[%emt 0:00:17]} Qa4 {[%emt 0:00:37]} 31. g4 {[%emt 0:01:23]} 1-0

[Event "POL-chT DMP Ekstraliga 2019"]
[Site "Katowice"]
[Date "2019.09.01"]
[Round "5.29"]
[White "Tomczak, Mikolaj"]
[Black "Sadzikowski, Daniel"]
[Result "1/2-1/2"]
[WhiteElo "2432"]
[BlackElo "2502"]
[Annotator "ChessBase"]
[PlyCount "90"]
[EventDate "2019.08.28"]
[EventType "team-tourn"]
[EventCountry "POL"]
[SourceTitle "playchess.com"]
[Source "ChessBase"]
[SourceQuality "1"]
[TimeControl "40/5400+30:1800+30"]

1. d4 {[%emt 0:00:00]} Nf6 {[%emt 0:00:00]} 2. c4 {[%emt 0:00:00]} e6 {[%emt 0:00:00]} 3. Nf3 {[%emt 0:00:00]} b6 {[%emt 0:00:46]} 4. g3 {[%emt 0:00:06]} Bb7 {[%emt 0:00:30]} 5. Bg2 {[%emt 0:00:07]} Bb4+ {[%emt 0:00:05]} 6. Bd2 {[%emt 0:00:13]} Be7 {[%emt 0:00:32]} 7. Nc3 {[%emt 0:00:41]} c6 {[%emt 0:01:04]} 8. e4 {[%emt 0:12:28]} d5 {[%emt 0:00:08]} 9. exd5 {[%emt 0:00:43]} cxd5 {[%emt 0:00:39]} 10. Ne5 {[%emt 0:01:10]} O-O {[%emt 0:00:31]} 11. O-O {[%emt 0:00:40]} Nc6 {[%emt 0:00:26]} 12. cxd5 {[%emt 0:04:58]} Nxe5 {[%emt 0:04:24]} 13. dxe5 {[%emt 0:04:14]} Nxd5 {[%emt 0:00:48]} 14. Nxd5 {[%emt 0:11:32]} Bxd5 {[%emt 0:00:10]} 15. Bc3 {[%emt 0:00:32]} Qc7 {[%emt 0:08:22]} 16. Bxd5 {[%emt 0:01:05]} Rad8 {[%emt 0:00:26]} 17. Qb3 {[%emt 0:04:29]} Rxd5 {[%emt 0:01:21]} 18. Rad1 {[%emt 0:00:59]} Rfd8 {[%emt 0:03:15]} 19. Rxd5 {[%emt 0:00:05]} Rxd5 {[%emt 0:00:53]} 20. Rd1 {[%emt 0:00:26]} Rxd1+ {[%emt 0:02:45]} 21. Qxd1 {[%emt 0:00:03]} Qc6 {[%emt 0:00:01]} 22. h4 {[%emt 0:07:15]} g6 {[%emt 0:09:32]} 23. h5 {[%emt 0:01:29]} Kf8 {[%emt 0:00:15]} 24. hxg6 {[%emt 0:07:09]} fxg6 {[%emt 0:06:48]} 25. Qd2 {[%emt 0:07:24]} a5 {[%emt 0:15:09]} 26. Bd4 {[%emt 0:01:54]} a4 {[%emt 0:02:57]} 27. Be3 {[%emt 0:02:18]} Ke8 {[%emt 0:00:27]} 28. Kh2 {[%emt 0:03:58]} b5 {[%emt 0:01:13]} 29. a3 {[%emt 0:13:12]} Qc7 {[%emt 0:12:44]} 30. Bd4 {[%emt 0:02:45]} Qd7 {[%emt 0:06:42]} 31. Qf4 {[%emt 0:01:50]} Qd5 {[%emt 0:01:19]} 32. Bc3 {[%emt 0:01:08]} g5 {[%emt 0:00:47]} 33. Qg4 {[%emt 0:00:37]} Kd7 {[%emt 0:00:33]} 34. Qe2 {[%emt 0:02:22]} h6 {[%emt 0:07:17]} 35. Kg1 {[%emt 0:02:47]} Kd8 {[%emt 0:05:58]} 36. Qh5 {[%emt 0:01:11]} Qd3 {[%emt 0:04:12]} 37. Qxh6 {[%emt 0:01:32]} Qb1+ {[%emt 0:03:15]} 38. Kh2 {[%emt 0:00:25]} Qf5 {[%emt 0:00:23]} 39. Bd4 {[%emt 0:01:18]} Qe4 {[%emt 0:01:48]} 40. Bb6+ {[%emt 0:00:00]} Kd7 {[%emt 0:00:00]} 41. Qg7 {[%emt 0:05:55]} Ke8 {[%emt 0:01:06]} 42. Be3 {[%emt 0:03:17]} g4 {[%emt 0:03:33]} 43. Ba7 {[%emt 0:18:52]} Qf5 {[%emt 0:05:25]} 44. Bb6 {[%emt 0:02:33]} Qe4 {[%emt 0:02:44]} 45. Be3 {[%emt 0:00:43]} Qf5 {[%emt 0:01:53]} 1/2-1/2

[Event "POL-chT DMP Ekstraliga 2019"]
[Site "Katowice"]
[Date "2019.09.01"]
[Round "5.30"]
[White "Zawadzka, Jolanta"]
[Black "Cyfka, Karina"]
[Result "1/2-1/2"]
[WhiteElo "2407"]
[BlackElo "2413"]
[Annotator "NA"]
[PlyCount "91"]
[EventDate "2019.08.28"]
[EventType "team-tourn"]
[EventCountry "POL"]
[SourceTitle "playchess.com"]
[Source "ChessBase"]
[SourceQuality "1"]
[TimeControl "40/5400+30:1800+30"]

1. e4 {[%emt 0:00:00]} e5 {[%emt 0:00:00]} 2. Nf3 {[%emt 0:00:00]} Nf6 {[%emt 0:00:00]} 3. Nxe5 {[%emt 0:00:00]} d6 {[%emt 0:00:00]} 4. Nf3 {[%emt 0:00:12]} Nxe4 {[%emt 0:00:14]} 5. d4 {[%emt 0:00:17]} d5 {[%emt 0:00:27]} 6. Bd3 {[%emt 0:00:12]} Bd6 {[%emt 0:01:16]} 7. O-O {[%emt 0:00:22]} O-O {[%emt 0:00:15]} 8. c4 {[%emt 0:00:28]} c6 {[%emt 0:00:17]} 9. cxd5 {[%emt 0:00:42]} cxd5 {[%emt 0:01:24]} 10. Nc3 {[%emt 0:00:21]} Re8 {[%emt 0:02:01]} 11. Qc2 {[%emt 0:12:24]} Nc6 {[%emt 0:07:31]} 12. Nxe4 {[%emt 0:09:04]} dxe4 {[%emt 0:19:28]} 13. Bxe4 {[%emt 0:00:36]} g6 {[%emt 0:04:16]} 14. Bxc6 {[%emt 0:12:31]} Bf5 {[%emt 0:02:43]} 15. Qc3 {[%emt 0:00:46]} bxc6 {[%emt 0:01:15]} 16. Bg5 {[%emt 0:00:14]} Qb6 {[%emt 0:03:32]} 17. Rac1 {[%emt 0:17:21]} Rac8 {[%emt 0:05:00]} 18. Ne5 {[%emt 0:08:59]} Qb5 {[%emt 0:09:32]} 19. Nc4 {[%emt 0:02:50]} Bf8 {[%emt 0:05:51]} 20. Bf4 {[%emt 0:02:57]} Be4 {[%emt 0:04:57]} 21. Be5 {[%emt 0:04:44]} Bd5 {[%emt 0:09:13]} 22. b3 {[%emt 0:02:37]} c5 {[%emt 0:01:24]} 23. Ne3 {[%emt 0:06:18]} cxd4 {[%emt 0:04:07]} 24. Qxd4 {[%emt 0:00:04]} Be6 {[%emt 0:02:11]} 25. Rxc8 {[%emt 0:01:31]} Rxc8 {[%emt 0:00:15]} 26. Qf4 {[%emt 0:00:41]} Be7 {[%emt 0:05:18]} 27. Bb2 {[%emt 0:01:53]} Rd8 {[%emt 0:00:25]} 28. Qc7 {[%emt 0:01:54]} Qc5 {[%emt 0:02:52]} 29. Rc1 {[%emt 0:02:26]} Qxc7 {[%emt 0:01:24]} 30. Rxc7 {[%emt 0:00:02]} Bd6 {[%emt 0:00:25]} 31. Rc1 {[%emt 0:02:46]} Bf4 {[%emt 0:01:43]} 32. Rd1 {[%emt 0:07:25]} Re8 {[%emt 0:03:22]} 33. h3 {[%emt 0:00:38]} h5 {[%emt 0:01:10]} 34. Kf1 {[%emt 0:01:14]} Kf8 {[%emt 0:00:50]} 35. Bf6 {[%emt 0:01:17]} Rc8 {[%emt 0:01:46]} 36. Nc4 {[%emt 0:01:10]} Bc7 {[%emt 0:00:49]} 37. f3 {[%emt 0:00:53]} a5 {[%emt 0:00:15]} 38. g4 {[%emt 0:00:26]} a4 {[%emt 0:00:19]} 39. Ke2 {[%emt 0:00:28]} axb3 {[%emt 0:00:49]} 40. axb3 {[%emt 0:00:00]} Rb8 {[%emt 0:00:00]} 41. Nd2 {[%emt 0:05:53]} Bf4 {[%emt 0:12:01]} 42. Ra1 {[%emt 0:02:04]} Ke8 {[%emt 0:06:43]} 43. Ra4 {[%emt 0:07:54]} Bxd2 {[%emt 0:01:51]} 44. Kxd2 {[%emt 0:00:06]} Rxb3 {[%emt 0:00:22]} 45. Rd4 {[%emt 0:00:42]} Bd7 {[%emt 0:01:54]} 46. Rd3 {[%emt 0:05:40]} 1/2-1/2

[Event "POL-chT DMP Ekstraliga 2019"]
[Site "Katowice"]
[Date "2019.09.02"]
[Round "6.1"]
[White "Kempinski, Robert"]
[Black "Kuzmicz, Krystian"]
[Result "0-1"]
[WhiteElo "2579"]
[BlackElo "2461"]
[Annotator "ChessBase"]
[PlyCount "120"]
[EventDate "2019.08.28"]
[EventType "team-tourn"]
[EventCountry "POL"]
[SourceTitle "playchess.com"]
[Source "ChessBase"]
[SourceQuality "1"]
[TimeControl "40/5400+30:1800+30"]

1. d4 {[%emt 0:00:00]} g6 {[%emt 0:00:00]} 2. Nf3 {[%emt 0:00:14]} Bg7 {[%emt 0:00:00]} 3. e4 {[%emt 0:00:34]} d6 {[%emt 0:07:10]} 4. c3 {[%emt 0:02:14]} Nf6 {[%emt 0:04:42]} 5. Bd3 {[%emt 0:00:09]} O-O {[%emt 0:00:08]} 6. O-O {[%emt 0:00:09]} Nc6 {[%emt 0:01:57]} 7. Re1 {[%emt 0:04:51]} e5 {[%emt 0:01:57]} 8. h3 {[%emt 0:00:50]} Nh5 {[%emt 0:08:00]} 9. Bg5 {[%emt 0:01:59]} Qe8 {[%emt 0:02:41]} 10. dxe5 {[%emt 0:09:44]} dxe5 {[%emt 0:01:58]} 11. Na3 {[%emt 0:09:10]} h6 {[%emt 0:11:27]} 12. Be3 {[%emt 0:01:13]} Qe7 {[%emt 0:00:42]} 13. Qc1 {[%emt 0:04:52]} g5 {[%emt 0:10:00]} 14. Bf1 {[%emt 0:04:23]} Nf4 {[%emt 0:04:55]} 15. b4 {[%emt 0:02:32]} b6 {[%emt 0:07:07]} 16. Nc4 {[%emt 0:01:42]} Re8 {[%emt 0:04:31]} 17. a4 {[%emt 0:05:59]} Qf6 {[%emt 0:02:53]} 18. b5 {[%emt 0:06:29]} Nd8 {[%emt 0:01:08]} 19. Nh2 {[%emt 0:00:56]} Qg6 {[%emt 0:01:34]} 20. a5 {[%emt 0:02:45]} Rb8 {[%emt 0:02:19]} 21. axb6 {[%emt 0:01:48]} axb6 {[%emt 0:00:04]} 22. Ra7 {[%emt 0:00:36]} Nb7 {[%emt 0:02:00]} 23. Nf3 {[%emt 0:05:20]} Qf6 {[%emt 0:02:00]} 24. Bxf4 {[%emt 0:06:22]} gxf4 {[%emt 0:04:47]} 25. Rd1 {[%emt 0:00:36]} Qg6 {[%emt 0:05:17]} 26. Kh2 {[%emt 0:00:55]} Bf6 {[%emt 0:00:57]} 27. Qb1 {[%emt 0:03:21]} Kh8 {[%emt 0:02:40]} 28. Ncd2 {[%emt 0:06:58]} Qg7 {[%emt 0:01:51]} 29. Bc4 {[%emt 0:01:03]} Rg8 {[%emt 0:00:41]} 30. Rg1 {[%emt 0:01:01]} Be7 {[%emt 0:03:41]} 31. Bd5 {[%emt 0:01:09]} Bc5 {[%emt 0:00:25]} 32. Qf1 {[%emt 0:01:00]} Re8 {[%emt 0:00:41]} 33. Nb3 {[%emt 0:01:16]} Bd6 {[%emt 0:00:15]} 34. Qc4 {[%emt 0:01:07]} Rf8 {[%emt 0:02:34]} 35. Qe2 {[%emt 0:01:23]} Nd8 {[%emt 0:00:55]} 36. Nbd2 {[%emt 0:01:02]} Bd7 {[%emt 0:00:20]} 37. Rb1 {[%emt 0:01:18]} Rg8 {[%emt 0:01:54]} 38. Qf1 {[%emt 0:00:10]} Ne6 {[%emt 0:00:28]} 39. Nc4 {[%emt 0:00:26]} Nc5 {[%emt 0:00:09]} 40. Ne1 {[%emt 0:00:00]} Qg6 {[%emt 0:00:00]} 41. Nf3 {[%emt 0:14:15]} Qh5 {[%emt 0:05:43]} 42. Nxd6 {[%emt 0:04:22]} cxd6 {[%emt 0:00:10]} 43. c4 {[%emt 0:01:03]} Rg7 {[%emt 0:03:50]} 44. Ra3 {[%emt 0:01:35]} Rbg8 {[%emt 0:00:50]} 45. Ne1 {[%emt 0:00:15]} Rg5 {[%emt 0:06:54]} 46. Rba1 {[%emt 0:01:19]} Kh7 {[%emt 0:01:50]} 47. Rc3 {[%emt 0:01:13]} Qg6 {[%emt 0:00:14]} 48. Ra7 {[%emt 0:02:56]} Rg7 {[%emt 0:01:41]} 49. Rca3 {[%emt 0:01:03]} Qh5 {[%emt 0:07:17]} 50. Rc7 {[%emt 0:10:39]} Qd1 {[%emt 0:00:38]} 51. Qh1 {[%emt 0:03:18]} Qe2 {[%emt 0:02:32]} 52. Nf3 {[%emt 0:00:38]} Rg3 {[%emt 0:00:17]} 53. Qg1 {[%emt 0:01:28]} Rxh3+ {[%emt 0:05:21]} 54. gxh3 {[%emt 0:00:07]} Rxg1 {[%emt 0:00:02]} 55. Kxg1 {[%emt 0:00:12]} Nd3 {[%emt 0:01:01]} 56. Rxd3 {[%emt 0:03:32]} Qxd3 {[%emt 0:00:02]} 57. Rxd7 {[%emt 0:01:27]} Qxf3 {[%emt 0:00:02]} 58. Bxf7 {[%emt 0:01:10]} Kh8 {[%emt 0:00:14]} 59. Bg6 {[%emt 0:00:45]} Qd1+ {[%emt 0:00:24]} 60. Kh2 {[%emt 0:00:33]} Qf1 {[%emt 0:00:45]} 0-1

[Event "POL-chT DMP Ekstraliga 2019"]
[Site "Katowice"]
[Date "2019.09.02"]
[Round "6.2"]
[White "Brodowski, Piotr"]
[Black "Shevchenko, Kirill"]
[Result "1/2-1/2"]
[WhiteElo "2430"]
[BlackElo "2556"]
[Annotator "TA"]
[PlyCount "161"]
[EventDate "2019.08.28"]
[EventType "team-tourn"]
[EventCountry "POL"]
[SourceTitle "playchess.com"]
[Source "ChessBase"]
[SourceQuality "1"]

{[%evp 10,161,39,0,22,19,14,17,10,8,22,15,20,0,0,5,-3,-41,-40,-56,-41,-54,0,0,0,0,22,5,33,40,20,20,67,23,24,32,29,29,116,126,125,41,26,40,78,85,86,82,85,81,81,78,89,73,135,94,100,87,99,11,64,23,25,0,0,-208,-206,-203,-179,-93,-93,-157,-74,-198,-162,-198,-195,-184,-182,-206,-198,-212,-206,-206,-199,-181,-187,-160,0,-146,-59,-69,-88,-95,0,0,0,-20,-20,-20,-20,-20,0,0,0,0,0,0,8,8,8,8,8,8,8,8,8,8,8,8,8,8,8,8,8,8,8,8,8,8,8,0,0,0,0,0,0,0,0,0,0,0,29986,0,0,0,0,0,0,0,0,0,0,0]} 1. c4 Nf6 2. g3 g6 3. Bg2 Bg7 4. Nc3 O-O 5. d4 d6 6. e4 Nfd7 {E72: King's Indian: 4 e4 d6 5 g3} (6... e5 $5 {[%cal Re5d4]}) (6... Nc6 7. Nge2 e5 8. d5 Nd4 9. O-O Nxe2+ 10. Qxe2 Kh8 11. Rb1 Bg4 12. f3 Bd7 13. b4 Ng8 14. a4 f5 15. exf5 gxf5 16. Bd2 Ne7 17. a5 Ng6 18. b5 {½-½ (74) Iturrizaga Bonelli,E (2637)-Guseinov,G (2664) chess.com INT 2019}) 7. Nge2 c5 8. O-O cxd4 9. Nxd4 Nc6 10. Nde2 a6 11. Be3 $146 ({Predecessor:} 11. Bg5 b5 12. cxb5 axb5 13. Nxb5 Ra5 14. a4 Bxb2 15. Rb1 {½-½ (24) Alvarez Castillo,H (1762)-Vodicka,M (1935) LSS email 2012}) 11... Nde5 12. b3 b5 {[%cal Bb7b5,Bb5c4][%mdl 32]} 13. h3 bxc4 14. f4 Nd3 15. e5 Bd7 (15... dxe5 $15 16. bxc4 Rb8 17. Bxc6 exf4 18. gxf4 (18. Nxf4 Nxf4 19. Bxf4 Qb6+ {[%mdl 64] Double Attack} 20. Kh2 Bxc3 $17) 18... Bxh3) 16. Qd2 $11 (16. bxc4 Nb2 $17) 16... Rb8 ({Reject} 16... dxe5 $6 17. bxc4 exf4 18. gxf4 $16) 17. Rab1 $1 Na5 18. bxc4 Nb4 19. Ba7 $1 {[%cal Ra7b8]} Ra8 20. Bf2 Rb8 21. Ne4 Nbc6 22. exd6 Nxc4 23. dxe7 Qxe7 (23... Nxe7 $11 24. Rxb8 Nxd2 25. Rxd8 Rxd8) 24. Qd5 $36 {[%mdl 2048] White is in control.} Qe6 25. Nc5 (25. Ng5 $16 Qxd5 26. Bxd5) 25... Qxd5 $1 $14 26. Bxd5 Bxh3 27. Bxc4 {Black must now prevent Rfd1.} Bxf1 28. Rxb8 Rxb8 29. Kxf1 a5 30. a4 Ne7 31. Bb5 Nf5 ({Black should play} 31... Nc8) 32. Ne4 h5 33. Be1 Ra8 34. N2c3 (34. Kf2 $16) 34... Nd4 (34... Rd8 $11) 35. Bc4 {White wants to play Nd6.} Nf3 $1 {[%cal Rf3e1]} 36. Bd5 Rd8 37. Ke2 $2 (37. Bf2 $11) 37... Nxe1 $19 38. Kxe1 Kf8 $1 39. Ke2 f5 40. Nc5 ({White should try} 40. Ng5 Ke7 41. Nf7 (41. Ne6 Rxd5 {[%mdl 64] Remove Defender} 42. Nxd5+ Kxe6 $17) 41... Rxd5 {[%mdl 64] Remove Defender} 42. Nxd5+ Kxf7 43. Kd3) 40... Re8+ (40... Ke7 $142 $1 41. Ne6 Rxd5 {[%mdl 64] Remove Defender} 42. Nxd5+ Kxe6) 41. N3e4 (41. Kd3 $17 Bxc3 42. Kxc3) 41... Ke7 42. Ne6 fxe4 43. Nxg7 Rd8 44. Bc4 Rc8 $1 {[%cal Rc8c4][%mdl 1024] Black has strong compensation.} 45. Bb5 Rc3 46. Kf2 Rf3+ 47. Kg2 Rb3 48. Kf2 Rf3+ 49. Kg2 {[#]} h4 $1 {[%mdl 512]} 50. gxh4 $15 Rxf4 51. h5 {[#]} Rg4+ (51... Kf7 $1 $17 {[%cal Rf7g7]} 52. h6 Rh4) 52. Kh3 $11 Rg1 53. hxg6 Rxg6 54. Nf5+ Ke6 55. Ne3 Rg7 56. Nc4 Ra7 57. Kg3 Kd5 58. Kf4 Rf7+ 59. Ke3 Ra7 60. Nb6+ Kc5 61. Nd7+ Kb4 62. Nf6 Rf7 63. Nd5+ Kc5 64. Kxe4 Rh7 65. Nf4 Re7+ 66. Kd3 Re1 67. Kc2 {And now Nd3+ would win.} Rh1 68. Nd3+ Kd4 69. Nc1 Rh2+ 70. Ne2+ Ke3 71. Kb3 Rxe2 72. Bxe2 Kxe2 {[%mdl 4096] Endgame KP-KP} 73. Kc4 {Threatening mate with Kb5.} Ke3 74. Kb5 Kd4 75. Kxa5 {Intending Kb6 and mate. KP-K} Kc5 76. Ka6 Kc6 {The position is equal.} 77. Ka7 Kc7 78. a5 {[%cal Ba4a5,Ba5a6,Ba6a7][%mdl 32]} Kc8 79. Ka8 Kc7 80. a6 Kc8 81. a7 {Accuracy: White = 61%, Black = 63%.} 1/2-1/2

[Event "POL-chT DMP Ekstraliga 2019"]
[Site "Katowice"]
[Date "2019.09.02"]
[Round "6.3"]
[White "Kriebel, Tadeas"]
[Black "Skawinski, Arkadiusz"]
[Result "1-0"]
[WhiteElo "2531"]
[BlackElo "2398"]
[Annotator "ChessBase"]
[PlyCount "71"]
[EventDate "2019.08.28"]
[EventType "team-tourn"]
[EventCountry "POL"]
[SourceTitle "playchess.com"]
[Source "ChessBase"]
[SourceQuality "1"]
[TimeControl "40/5400+30:1800+30"]

1. e4 {[%emt 0:00:00]} e6 {[%emt 0:00:00]} 2. d4 {[%emt 0:00:00]} d5 {[%emt 0:00:00]} 3. Nc3 {[%emt 0:00:00]} Nf6 {[%emt 0:00:00]} 4. e5 {[%emt 0:00:00]} Nfd7 {[%emt 0:00:00]} 5. Nce2 {[%emt 0:00:00]} c5 {[%emt 0:00:00]} 6. c3 {[%emt 0:00:03]} Nc6 {[%emt 0:00:00]} 7. Nf3 {[%emt 0:00:07]} Qb6 {[%emt 0:05:44]} 8. a3 {[%emt 0:02:57]} Be7 {[%emt 0:13:43]} 9. b4 {[%emt 0:04:58]} cxd4 {[%emt 0:00:24]} 10. cxd4 {[%emt 0:00:04]} a5 {[%emt 0:10:47]} 11. b5 {[%emt 0:03:13]} Nd8 {[%emt 0:01:40]} 12. a4 {[%emt 0:06:53]} f6 {[%emt 0:03:13]} 13. exf6 {[%emt 0:02:57]} Nxf6 {[%emt 0:00:26]} 14. Ng3 {[%emt 0:00:44]} O-O {[%emt 0:05:41]} 15. Bd3 {[%emt 0:00:14]} Nf7 {[%emt 0:02:06]} 16. O-O {[%emt 0:00:11]} Bd7 {[%emt 0:00:04]} 17. Bf4 {[%emt 0:15:25]} Rac8 {[%emt 0:01:52]} 18. Qb1 {[%emt 0:01:18]} Be8 {[%emt 0:14:52]} 19. Ra2 {[%emt 0:04:06]} h6 {[%emt 0:04:26]} 20. Re2 {[%emt 0:03:00]} Bb4 {[%emt 0:00:15]} 21. h4 {[%emt 0:06:36]} Nd8 {[%emt 0:07:48]} 22. Rc1 {[%emt 0:04:27]} Rxc1+ {[%emt 0:02:59]} 23. Qxc1 {[%emt 0:00:46]} Bd6 {[%emt 0:00:06]} 24. Bxd6 {[%emt 0:02:05]} Qxd6 {[%emt 0:00:07]} 25. Ne5 {[%emt 0:01:58]} Nd7 {[%emt 0:03:13]} 26. Bb1 {[%emt 0:07:02]} Nxe5 {[%emt 0:02:04]} 27. dxe5 {[%emt 0:00:04]} Qb4 {[%emt 0:00:35]} 28. Qc2 {[%emt 0:01:11]} Qg4 {[%emt 0:09:33]} 29. Qh7+ {[%emt 0:04:42]} Kf7 {[%emt 0:00:05]} 30. Rc2 {[%emt 0:00:20]} Bd7 {[%emt 0:05:48]} 31. Rc7 {[%emt 0:00:17]} Ke7 {[%emt 0:00:18]} 32. Bg6 {[%emt 0:00:28]} Rf4 {[%emt 0:00:55]} 33. Bh5 {[%emt 0:01:16]} Qxh4 {[%emt 0:01:40]} 34. Qxg7+ {[%emt 0:00:04]} Nf7 {[%emt 0:00:05]} 35. Bxf7 {[%emt 0:00:09]} Kd8 {[%emt 0:01:31]} 36. Rxb7 {[%emt 0:03:03]} 1-0